000 01796nem0a2200301 4500
001 RU\NLR\BIBL_A\022569390
005 20250702151132.0
035 _a(NLR Aleph) 022569390
090 _a13441954
_c13441954
100 _a20250618d1924 |||y0rusy50 ca
101 0 _arus
102 _aRU
120 _abyy xx||
123 1 _aa
_b50000
200 1 _a[Схематические почвенные карты] Шуерецко-Сороккой лесной дачи Кемского уезда А.К.С.С.Р.
_fСост. исслед. партией Колонизацион. Отд. под рук. К.Ф. Маляревского в 1925 г.
206 _a1:50 000, 500 м в 1 см
210 _aЛенинград
_cИзд. Чиро МЖД
_d1924
215 _a1 к.
_cцв.
_d57х82 см
300 _aВ надзаг.: Колонизационный Отдел правления Мурманской жел. дор.
300 _aКарты: Схематическая почвенная карта Шуерецко-Сороккой лесной дачи Кемского уезда А.К.С.С.Р.- Топогр. основа по лесоустроительскому плану той же дачи 1924 года; Схематическая почвенная карта Сегежа-Ондского района.-Топогр. основа по маршрутной съемке той же партии.
509 0 1 _7ca
_aКарельская АССР
_92634771
_3RU\NLR\auth_crt\551602
607 _aАКССР
_jКарты
_92534215
_3RU\NLR\AUTH\6601714499
608 _aПочвенные карты
_91672383
_3RU\NLR\AUTH\66741822
702 1 _aМаляревский
_bК.Ф.
_4673
852 _aNLR
_bК
_j4-Сев 2/352
_m21894
942 _cMAP
980 _aNB